| 000 | 00689ngm a22002657a 4500 | ||
|---|---|---|---|
| 005 | 20170509110309.0 | ||
| 006 | a|||||r|||| 00| 0 | ||
| 008 | 160215b xxu||||| |||| 00| 0 spa d | ||
| 041 | _aspa | ||
| 082 | _a160 DVD | ||
| 110 |
_aOcéano Multimedia _93769 |
||
| 245 | _aBiología | ||
| 260 |
_bOcéano Multimedia _c2011 |
||
| 300 | _a56 minutos | ||
| 650 |
_aBIOLOGÍA _9927 |
||
| 650 |
_aCÉDULAS _940896 |
||
| 650 |
_aÁTOMO _92490 |
||
| 650 |
_aJOHN DALTON _942515 |
||
| 650 |
_aNIELS BOHR _942516 |
||
| 650 |
_aMOLÉCULAS _99567 |
||
| 650 |
_aEMIL FISCHER _942517 |
||
| 650 |
_aCÉLULAS NERVIOSAS _942518 |
||
| 650 |
_aSANTIAGO RAMÓN Y CAJAL _942519 |
||
| 942 | _cDVD | ||
| 999 |
_c9367 _d9367 |
||